Lineárne vedenie ovládané krokovým motorom

Uložené v:
Podrobná bibliografia
Hlavný autor: Brosz, Peter (Autor)
Ďalší autori: Goga, Vladimír (Vedúci práce)
Médium: Rukopis Kniha
Jazyk:Slovak
Vydavateľské údaje: Bratislava : STU v Bratislave FEI, 2025
Predmet:
On-line prístup:https://opac.crzp.sk/?fn=detailBiblioFormChildOEMO7&sid=BA75C2D62745AD5727E4919ED92F&seo=CRZP-detail-kniha
Tagy: Pridať tag
Žiadne tagy, Buďte prvý, kto otaguje tento záznam!

MARC

LEADER 00000ntm a22000003a 4500
001 stuzp103855
003 SK-STU
005 20251104102530.2
007 ta
008 150427s2015----xo-----f-mn---000-0-slo-d
040 |a STU  |b slo 
041 0 |a slo 
044 |a xo 
100 1 |a Brosz, Peter  |u 030400  |4 aut  |U FEI Fakulta elektrotechniky a informatiky  |T FEI Ústav automobilovej mechatroniky  |X 120622  |U E400  |Y 642  |7 120622 
242 0 1 |a Linear motion system controlled by a stepper motor  |y eng 
245 1 0 |a Lineárne vedenie ovládané krokovým motorom 
260 |a Bratislava :  |b STU v Bratislave FEI,  |c 2025 
300 |a 67 s. 
650 4 |a Arduino NANO  |2 slo 
650 4 |a driver motora A4988  |2 slo 
650 4 |a krokový motor  |2 slo 
650 4 |a koncové spínače  |2 slo 
650 4 |a LabVIEW  |2 slo 
650 4 |a lineárne vedenie  |2 slo 
650 4 |a mechatronika  |2 slo 
650 4 |a výučbový model  |2 slo 
650 4 |a Arduino NANO  |2 eng 
650 4 |a limit switches  |2 eng 
650 4 |a LabVIEW  |2 eng 
650 4 |a A4988 motor driver  |2 eng 
650 4 |a stepper motor  |2 eng 
650 4 |a linear guide  |2 eng 
650 4 |a mechatronics  |2 eng 
650 4 |a educational model  |2 eng 
700 1 |a Goga, Vladimír  |u 030400  |k Z1  |4 ths  |U FEI Fakulta elektrotechniky a informatiky  |T FEI Ústav automobilovej mechatroniky  |X 10291  |U E400  |Y 642  |7 A000010291 
856 4 |u https://opac.crzp.sk/?fn=detailBiblioFormChildOEMO7&sid=BA75C2D62745AD5727E4919ED92F&seo=CRZP-detail-kniha